[Event "Olympiad Women 2024"]
[Site "Budapest HUN"]
[Date "2024.09.18"]
[Round "7.24"]
[White "Gunawardhana, Devindya Oshini"]
[Black "Machlik, Monika"]
[Result "1-0"]
[WhiteElo "1956"]
[BlackElo "2109"]
[TimeControl "40/5400+30:1800+30\""]
[EventDate "2024.09.11"]
[Board "4"]
[WhiteFideId "29941482"]
[BlackFideId "1513621"]
[WhiteTeam "Sri Lanka"]
[BlackTeam "Norway"]

1. e4 c6 2. Nc3 d5 3. Nf3 dxe4 4. Nxe4 Nf6 5. Qe2 Nxe4 6. Qxe4 Nd7 7. d4
Nf6 8. Qf4 Nd5 9. Qd2 Bf5 10. Bd3 Bxd3 11. Qxd3 e6 12. O-O Be7 13. c4 Nf6
14. Bf4 O-O 15. Rad1 Qa5 16. a3 b5 17. Ne5 Rac8 18. Rc1 Qa6 19. Bg5 Qb7 20.
Qb3 Rfd8 21. Rfd1 h6 22. Bf4 Qb6 23. Be3 Qb7 24. Rd3 Ne4 25. f3 Nd6 26.
Rdc3 Bf6 27. Ng4 Be7 28. Ne5 Bf6 29. Ng4 Nf5 30. Nxf6+ gxf6 31. Bf2 Qd7 32.
cxb5 cxb5 33. Rxc8 Rxc8 34. Rxc8+ Qxc8 35. g4 Nd6 36. Qb4 Qc6 37. Qc5 Qd7
38. b3 f5 39. Bg3 Ne8 40. gxf5 exf5 41. d5 Nf6 42. d6 Ne8 43. Kf2 f6 44.
Bf4 h5 45. Qd5+ Kh7 46. Qc5 Kg6 47. h3 Kf7 48. Kg3 Ke6 49. Kh4 Kf7 50. Kxh5
Ng7+ 51. Kh4 Ne8 52. Kg3 Kg6 53. Kf2 Kg7 54. h4 Kg6 55. Qe3 Nxd6 56. Qd2
Qe6 57. Qxd6 Qxb3 58. Qe7 Qa2+ 59. Kg3 Qg8 60. Qxa7 Kh5+ 61. Kh3 Kg6 62.
Qg1+ Kh5 63. Qxg8 b4 64. Qh7# 1-0

[Event "Olympiad Women 2024"]
[Site "Budapest HUN"]
[Date "2024.09.18"]
[Round "7.25"]
[White "Efroimski, Marsel"]
[Black "Rouda Essa, Alserkal"]
[Result "1-0"]
[WhiteElo "2408"]
[BlackElo "2036"]
[TimeControl "40/5400+30:1800+30\""]
[EventDate "2024.09.11"]
[Board "1"]
[WhiteFideId "2810964"]
[BlackFideId "9314318"]
[WhiteTeam "Israel"]
[BlackTeam "United Arab Emirates"]

1. Nf3 c5 2. e4 Nc6 3. Nc3 e5 4. Bc4 d6 5. d3 h6 6. Nd2 g6 7. Nf1 Bg7 8.
Be3 Nf6 9. h3 Rb8 10. Qd2 Nd4 11. a4 b6 12. Ng3 O-O 13. Nb5 Nxb5 14. axb5
Kh7 15. Rxa7 d5 16. exd5 Nxd5 17. h4 Nxe3 18. Qxe3 Bd7 19. h5 g5 20. Qe4+
Kh8 21. Qd5 Be6 22. Qxd8 Rfxd8 23. Bxe6 fxe6 24. Ne4 Ra8 25. Rxa8 Rxa8 26.
Kd2 Kg8 27. b3 Ra5 28. c4 Ra2+ 29. Kc3 Kf7 30. Rc1 Bf8 31. Rc2 Ra8 32. Re2
Ra7 33. Kb2 Rd7 34. Kc2 Ra7 35. Nc3 Bd6 36. Na4 Rb7 37. Kd2 Kf6 38. f3 Kf7
39. Ke3 Bc7 40. Ra2 Bb8 41. Nc3 Ke7 42. Ra6 Ba7 43. Ke4 Kf6 44. Na4 g4 45.
fxg4 Kg5 46. Kxe5 Kxg4 47. Kd6 Kxh5 48. Kc6 Rg7 49. Nxb6 Bxb6 50. Kxb6 Rxg2
51. Kxc5 Rg8 52. Rxe6 Rc8+ 53. Kb4 1-0

[Event "Olympiad Women 2024"]
[Site "Budapest HUN"]
[Date "2024.09.18"]
[Round "7.25"]
[White "Al Maamari, Wafia Darwish"]
[Black "Klinova, Masha"]
[Result "1/2-1/2"]
[WhiteElo "1908"]
[BlackElo "2227"]
[TimeControl "40/5400+30:1800+30\""]
[EventDate "2024.09.11"]
[Board "2"]
[WhiteFideId "9305734"]
[BlackFideId "2802015"]
[WhiteTeam "United Arab Emirates"]
[BlackTeam "Israel"]

1. Nf3 g6 2. e4 Bg7 3. d4 d6 4. Nc3 Nf6 5. Be2 O-O 6. O-O Nc6 7. h3 e5 8.
dxe5 Nxe5 9. Nxe5 dxe5 10. Qd4 Qd7 11. Qxd7 Re8 12. Qd8 Rxd8 13. Bg5 c6 14.
Rad1 Be6 15. a4 b6 16. b3 h6 17. Be3 Bf8 18. f3 Kg7 19. Rxd8 Rxd8 20. Rd1
Rxd1+ 21. Bxd1 Nd7 22. a5 h5 23. axb6 axb6 24. Kf2 Bc5 25. Bxc5 Nxc5 26. h4
f6 27. Be2 Kf7 28. Ke3 Ke7 29. g4 b5 30. gxh5 gxh5 31. f4 exf4+ 32. Kxf4
Bf7 33. Kf5 Ne6 34. Bd3 Nd4+ 35. Kf4 Ne6+ 36. Kf5 Nd4+ 37. Kf4 1/2-1/2

[Event "Olympiad Women 2024"]
[Site "Budapest HUN"]
[Date "2024.09.18"]
[Round "7.25"]
[White "Levitan, Ronit"]
[Black "Anoud, Eisa Bashkardi"]
[Result "1-0"]
[WhiteElo "2137"]
[BlackElo "1810"]
[TimeControl "40/5400+30:1800+30\""]
[EventDate "2024.09.11"]
[Board "3"]
[WhiteFideId "2815109"]
[BlackFideId "9323996"]
[WhiteTeam "Israel"]
[BlackTeam "United Arab Emirates"]

1. e4 e5 2. Nf3 Nc6 3. Bb5 Nf6 4. O-O Nxe4 5. Re1 Nd6 6. Nxe5 Nxe5 7. Rxe5+
Be7 8. Bf1 O-O 9. d4 Bf6 10. Re1 Re8 11. Bf4 Rxe1 12. Qxe1 Ne8 13. Nc3 Bxd4
14. Nd5 c6 15. Ne7+ Kf8 16. Nxc8 Rxc8 17. Qb4+ c5 18. Qxb7 d5 19. Ba6 Ra8
20. Rd1 f6 21. c3 Be5 22. Bxe5 fxe5 23. Rxd5 Qb8 24. Qc6 Nc7 25. Rd7 Nxa6
26. Qf3+ 1-0

[Event "Olympiad Women 2024"]
[Site "Budapest HUN"]
[Date "2024.09.18"]
[Round "7.25"]
[White "Almaamari, Zainab Darwish"]
[Black "Kochavi, Dana"]
[Result "0-1"]
[WhiteElo "1661"]
[BlackElo "2009"]
[TimeControl "40/5400+30:1800+30\""]
[EventDate "2024.09.11"]
[Board "4"]
[WhiteFideId "9309381"]
[BlackFideId "2837137"]
[WhiteTeam "United Arab Emirates"]
[BlackTeam "Israel"]

1. e4 c5 2. Nf3 Nc6 3. d4 cxd4 4. Nxd4 Nf6 5. Nc3 e5 6. Ndb5 d6 7. Nd5 Nxd5
8. exd5 Nb8 9. c4 Nd7 10. Be2 Be7 11. O-O a6 12. Nc3 O-O 13. b4 f5 14. c5
Bf6 15. c6 Nb8 16. Ba3 Kh8 17. Qa4 bxc6 18. dxc6 Be6 19. Nb5 Nxc6 20. Nxd6
Qxd6 21. b5 Qd4 22. Qc2 Nb4 23. Bxb4 Qxb4 24. Rab1 Qe7 25. b6 Qb7 26. Qc7
Bd5 27. Rfc1 Rf7 28. Qxb7 Rxb7 29. Rc7 Rab8 30. Rc5 Bg8 31. Rc6 Bxa2 32.
Bxa6 Bxb1 33. Bxb7 Bd8 34. Rc8 Rxc8 35. Bxc8 Bxb6 36. g3 g6 37. Kg2 Kg7 38.
f3 Bd3 39. Bb7 e4 40. f4 e3 41. Bc8 e2 0-1

[Event "Olympiad Women 2024"]
[Site "Budapest HUN"]
[Date "2024.09.18"]
[Round "7.26"]
[White "Cramling, Pia"]
[Black "Perez Rodriguez, Jennifer"]
[Result "1-0"]
[WhiteElo "2425"]
[BlackElo "2224"]
[TimeControl "40/5400+30:1800+30\""]
[EventDate "2024.09.11"]
[Board "1"]
[WhiteFideId "1700030"]
[BlackFideId "3507831"]
[WhiteTeam "Sweden"]
[BlackTeam "Paraguay"]

1. d4 d5 2. c4 e6 3. Nf3 Nf6 4. Nc3 dxc4 5. e3 a6 6. Bxc4 b6 7. O-O Bb7 8.
Qe2 Nbd7 9. e4 b5 10. Bd3 c5 11. d5 c4 12. Bc2 e5 13. a4 b4 14. Nd1 Qc7 15.
Ne3 Rc8 16. Nd2 c3 17. bxc3 bxc3 18. Ndc4 a5 19. Na3 Bb4 20. Nb5 Qb6 21.
Nc4 Qa6 22. Ba3 O-O 23. Rfb1 Nb6 24. Bxb4 axb4 25. Ncd6 Rc5 26. Rxb4 Ba8
27. Nf5 g6 28. Ne3 Qa5 29. Rab1 Nbd7 30. Nc4 Qd8 31. Nxc3 Nh5 32. g3 Qg5
33. h4 Qe7 34. Nd1 Ng7 35. Nde3 f5 36. Nb6 f4 37. Nf1 f3 38. Qd2 Nh5 39. d6
Qd8 40. Bb3+ Kg7 41. Nxa8 Qxa8 42. Be6 Nhf6 43. Rb7 Qxa4 44. Bxd7 Nxd7 45.
R1b4 Qc6 46. Rc7 1-0

[Event "Olympiad Women 2024"]
[Site "Budapest HUN"]
[Date "2024.09.18"]
[Round "7.26"]
[White "Vargas, Gabriela"]
[Black "Agrest, Inna"]
[Result "0-1"]
[WhiteElo "2109"]
[BlackElo "2197"]
[TimeControl "40/5400+30:1800+30\""]
[EventDate "2024.09.11"]
[Board "2"]
[WhiteFideId "3700860"]
[BlackFideId "1708830"]
[WhiteTeam "Paraguay"]
[BlackTeam "Sweden"]

1. d4 Nf6 2. Nf3 g6 3. e3 Bg7 4. Be2 O-O 5. O-O d6 6. c4 c6 7. Nc3 Re8 8.
b4 e5 9. a4 e4 10. Nd2 h5 11. Ba3 Bf5 12. b5 h4 13. h3 Nh7 14. Bg4 c5 15.
Nb3 Nd7 16. Nd5 Nb6 17. Bxf5 gxf5 18. dxc5 Nxc4 19. Ra2 Nxa3 20. Rxa3 dxc5
21. a5 c4 22. Na1 Qd6 23. Nc2 Rad8 24. Nc3 Qc5 25. Qc1 Rd3 26. Ne2 Qxb5 27.
Ncd4 Qd7 28. Rc3 Rxc3 29. Qxc3 Rc8 30. Rb1 Nf6 31. Qb4 Rc7 32. Qb5 c3 33.
Qxd7 Nxd7 34. Nxf5 c2 35. Rf1 Bb2 36. Nc1 Nc5 37. Nd4 Bxd4 38. exd4 Nd3 39.
f3 Nxc1 40. Rxc1 e3 41. Kf1 b5 42. axb6 axb6 43. d5 Kf8 44. f4 Ke7 45. g3
hxg3 46. h4 b5 47. h5 b4 48. h6 b3 49. h7 Rc8 0-1

[Event "Olympiad Women 2024"]
[Site "Budapest HUN"]
[Date "2024.09.18"]
[Round "7.26"]
[White "Cramling Bellon, Anna"]
[Black "Oviedo Acosta, Paula"]
[Result "0-1"]
[WhiteElo "2066"]
[BlackElo "1790"]
[TimeControl "40/5400+30:1800+30\""]
[EventDate "2024.09.11"]
[Board "3"]
[WhiteFideId "32009232"]
[BlackFideId "3704394"]
[WhiteTeam "Sweden"]
[BlackTeam "Paraguay"]

1. d4 Nf6 2. c4 e6 3. Nc3 Bb4 4. e3 d6 5. Nf3 O-O 6. Qc2 Re8 7. Bd2 Nbd7 8.
a3 Bxc3 9. Bxc3 b6 10. b4 Bb7 11. Be2 Ne4 12. Bb2 c5 13. O-O Rc8 14. Rfd1
f5 15. dxc5 bxc5 16. Nd2 Ndf6 17. f3 Ng5 18. Nb3 Qc7 19. Qd2 Nf7 20. bxc5
dxc5 21. a4 Ba8 22. Ba3 Red8 23. Qa5 Qe5 24. Bxc5 Qb2 25. Rxd8+ Nxd8 26.
Bd1 Nb7 27. Qa6 Rxc5 28. Qxe6+ Kh8 29. Nxc5 Qxa1 30. Qc8+ Ng8 31. Nxb7
Qxd1+ 32. Kf2 Qd2+ 33. Kf1 Qc1+ 34. Kf2 Qb2+ 35. Kg3 Bxb7 36. Qxf5 Qb4 37.
Qd7 Qe1+ 38. Kh3 Ba6 39. Qxa7 Bc8+ 40. g4 Qf1+ 41. Kg3 Qg1+ 42. Kh3 h5 43.
Qd4 hxg4+ 44. fxg4 Bb7 45. Qf4 Nf6 46. g5 Bc8+ 47. Kh4 Qg4+ 48. Qxg4 Nxg4
49. Kg3 Nxe3 50. c5 Bb7 51. Kf4 Nc4 52. g6 Bc6 53. h4 Bxa4 54. h5 Bd1 55.
Kg5 Ne5 56. h6 Nf3+ 57. Kh5 Nd4+ 58. Kg5 Ne6+ 59. Kf5 gxh6 60. Kxe6 Kg7 61.
Kf5 Ba4 62. Kg4 Kxg6 63. Kh4 Bd7 64. Kg3 Kg5 65. Kh2 Kg4 66. Kg2 h5 67. Kh2
h4 68. Kg2 Bc6+ 69. Kh2 h3 0-1

[Event "Olympiad Women 2024"]
[Site "Budapest HUN"]
[Date "2024.09.18"]
[Round "7.26"]
[White "Mayeregger Gonzalez, Fiorella Allegra"]
[Black "Valcu, Lavinia"]
[Result "0-1"]
[WhiteElo "1796"]
[BlackElo "2076"]
[TimeControl "40/5400+30:1800+30\""]
[EventDate "2024.09.11"]
[Board "4"]
[WhiteFideId "3708845"]
[BlackFideId "1752197"]
[WhiteTeam "Paraguay"]
[BlackTeam "Sweden"]

1. e4 e5 2. Nc3 Nf6 3. g3 d5 4. exd5 Nxd5 5. Bg2 Nxc3 6. bxc3 Nc6 7. Nf3
Bd6 8. O-O O-O 9. d3 f6 10. h3 Be6 11. Re1 Qd7 12. Kh2 Rad8 13. d4 Bd5 14.
Be3 exd4 15. Nxd4 Bxg2 16. Kxg2 Nxd4 17. cxd4 Bb4 18. Re2 Bc3 19. Rb1 Qd5+
20. Kh2 c5 21. Rb5 a6 22. Rb3 cxd4 23. Bd2 Bxd2 24. Rxd2 Rd7 25. Rbd3 Qxa2
26. Rxd4 Rxd4 27. Rxd4 Qe6 28. Rd6 Qe4 29. Rd4 Qc6 30. Rd6 Qc5 31. Qd2 Rc8
32. Rd7 b5 33. Rd5 Qc4 34. Rd4 Qc5 35. Rd5 Qf8 36. Rd7 b4 37. Rd4 a5 38.
Kg2 Rb8 39. Rd7 a4 40. Qd5+ Kh8 41. Qa5 b3 42. cxb3 axb3 43. Qe1 b2 44. Rd1
Qe8 45. Qxe8+ Rxe8 46. Rb1 Rb8 47. Kf3 Kg8 48. Ke4 Kf7 49. Kd3 Ke6 50. Kc3
Kf5 51. f3 h5 52. h4 g5 53. hxg5 fxg5 54. Kd2 h4 55. g4+ Kf4 56. Ke2 Rb3
57. Kf2 Rxf3+ 58. Kg2 Rb3 59. Kh2 Kxg4 60. Kg2 Kf4 61. Rf1+ Ke4 62. Re1+
Kd3 63. Kf2 b1=Q 64. Re3+ Kd4 65. Re8 Rb2+ 66. Re2 Qf5+ 67. Ke1 Rb1+ 68.
Kd2 Qd3# 0-1

[Event "Olympiad Women 2024"]
[Site "Budapest HUN"]
[Date "2024.09.18"]
[Round "7.27"]
[White "Pipiras, Filipa Fortuna"]
[Black "Rivera, Ingris"]
[Result "1/2-1/2"]
[WhiteElo "2187"]
[BlackElo "2171"]
[TimeControl "40/5400+30:1800+30\""]
[EventDate "2024.09.11"]
[Board "1"]
[WhiteFideId "1944894"]
[BlackFideId "4402472"]
[WhiteTeam "Portugal"]
[BlackTeam "Colombia"]

1. d4 Nf6 2. c4 g6 3. Nc3 Bg7 4. e4 d6 5. Be2 O-O 6. Be3 Na6 7. h4 h5 8.
Nf3 Ng4 9. Bg5 c5 10. d5 Re8 11. Qd2 Nc7 12. Nh2 Nxh2 13. Rxh2 Bd7 14. f3
Qc8 15. O-O-O b5 16. g4 hxg4 17. fxg4 b4 18. Nb1 Bxg4 19. h5 Bxe2 20. Qxe2
e6 21. hxg6 fxg6 22. Qg4 Qd7 23. Bh6 Qf7 24. Rg1 Be5 25. Rhg2 exd5 26. Qh5
Qh7 27. Rg3 g5 28. Rxg5+ Kh8 29. Rg7 Bf4+ 30. Kd1 Qxh6 31. Qxh6+ Bxh6 32.
Rxc7 dxe4 33. Rg6 Bf8 34. Rg4 Re7 35. Rxe7 Bxe7 36. Rxe4 Bf6 37. Kc2 a5 38.
Nd2 Kg7 39. Nf3 a4 40. Re6 Rd8 41. Nd2 Kf7 42. Re2 Rh8 43. Ne4 Be7 44. Kd3
Rh1 45. Kc2 Ra1 46. Rf2+ Ke6 47. Re2 Kd7 48. Rd2 Kc6 49. Rd1 b3+ 50. axb3
axb3+ 51. Kd2 Rxd1+ 52. Kxd1 d5 53. cxd5+ Kxd5 54. Nxc5 Kxc5 55. Kc1 Kc4
56. Kb1 Kd3 57. Kc1 Bg5+ 58. Kb1 Bf6 59. Kc1 Bg5+ 60. Kb1 Bd2 61. Ka1 Ke2
62. Kb1 Kd1 63. Ka1 Bc3 64. Kb1 Kd2 65. bxc3 Kxc3 66. Kc1 Kc4 67. Kb2 Kb4
68. Kb1 Ka4 69. Kb2 1/2-1/2

[Event "Olympiad Women 2024"]
[Site "Budapest HUN"]
[Date "2024.09.18"]
[Round "7.27"]
[White "Chirivi C, Jenny Astrid"]
[Black "Silva, Mariana"]
[Result "1/2-1/2"]
[WhiteElo "2120"]
[BlackElo "2005"]
[TimeControl "40/5400+30:1800+30\""]
[EventDate "2024.09.11"]
[Board "2"]
[WhiteFideId "4403061"]
[BlackFideId "1911899"]
[WhiteTeam "Colombia"]
[BlackTeam "Portugal"]

1. d4 d5 2. c4 e6 3. Nc3 a6 4. Nf3 dxc4 5. a4 Nc6 6. e4 Na5 7. Be3 Bb4 8.
Ne5 Nf6 9. Qf3 Nb3 10. Rd1 b5 11. d5 Qd6 12. Bf4 Qc5 13. Be3 Qd6 14. Bf4
Qc5 15. Be3 Qd6 16. Bf4 1/2-1/2

[Event "Olympiad Women 2024"]
[Site "Budapest HUN"]
[Date "2024.09.18"]
[Round "7.27"]
[White "Silva, Ana Ines Teixeira Da"]
[Black "Mogollon Tobar, Nicolle Julieth"]
[Result "0-1"]
[WhiteElo "1925"]
[BlackElo "2045"]
[TimeControl "40/5400+30:1800+30\""]
[EventDate "2024.09.11"]
[Board "3"]
[WhiteFideId "1932543"]
[BlackFideId "4452194"]
[WhiteTeam "Portugal"]
[BlackTeam "Colombia"]

1. e4 c6 2. d4 d5 3. exd5 cxd5 4. c4 Nf6 5. Nc3 Nc6 6. Nf3 Bg4 7. cxd5 Nxd5
8. Qb3 Bxf3 9. gxf3 e6 10. Qxb7 Nxd4 11. Bb5+ Nxb5 12. Qc6+ Ke7 13. Qc5+
Nd6 14. Nxd5+ exd5 15. O-O h6 16. Qxd5 Kf6 17. Bf4 Kg6 18. Rad1 Kh7 19.
Bxd6 Bxd6 20. Qd3+ g6 21. Qxd6 Qg5+ 22. Qg3 Qf6 23. Rd7 Rhd8 24. Rfd1 Rxd7
25. Rxd7 Kg7 26. Qc7 Qxf3 27. Qc3+ Qxc3 28. bxc3 Rc8 29. Rxa7 Rxc3 30. a4
Ra3 31. Kg2 g5 32. Ra8 g4 33. Ra5 Kg6 34. Ra6+ f6 35. Ra8 h5 36. Ra5 h4 37.
Ra8 h3+ 38. Kf1 Kg5 39. Ke2 Kf4 40. a5 Ra2+ 41. Ke1 f5 42. Rd8 Kf3 43. Rd3+
Kg2 44. Rd5 Kxh2 45. Rxf5 Kg2 46. Rf4 h2 47. Rxg4+ Kh3 0-1

[Event "Olympiad Women 2024"]
[Site "Budapest HUN"]
[Date "2024.09.18"]
[Round "7.27"]
[White "Lopez Rayo, Isabella"]
[Black "Duque, Raquel Dos Santos"]
[Result "1-0"]
[WhiteElo "1952"]
[BlackElo "1913"]
[TimeControl "40/5400+30:1800+30\""]
[EventDate "2024.09.11"]
[Board "4"]
[WhiteFideId "4452755"]
[BlackFideId "1945890"]
[WhiteTeam "Colombia"]
[BlackTeam "Portugal"]

1. e4 c6 2. Nc3 d5 3. Nf3 Bg4 4. h3 Bxf3 5. Qxf3 e6 6. Be2 Nd7 7. O-O g6 8.
Re1 Ne7 9. d4 Bg7 10. exd5 exd5 11. Bg5 O-O 12. Bd3 Re8 13. Ne2 h6 14. Bd2
Nf6 15. Bxh6 Bxh6 16. Qxf6 Qb6 17. Rab1 Rad8 18. c3 Nc8 19. Ng3 Bg7 20. Qg5
Nd6 21. h4 Rxe1+ 22. Rxe1 Re8 23. Rxe8+ Nxe8 24. h5 Qxb2 25. hxg6 f6 26.
Qe3 Kf8 27. Qe6 Qc1+ 28. Bf1 1-0

[Event "Olympiad Women 2024"]
[Site "Budapest HUN"]
[Date "2024.09.18"]
[Round "7.28"]
[White "Timergazi, Layla"]
[Black "Goossens, Hanne"]
[Result "0-1"]
[WhiteElo "1979"]
[BlackElo "2189"]
[TimeControl "40/5400+30:1800+30\""]
[EventDate "2024.09.11"]
[Board "1"]
[WhiteFideId "4303733"]
[BlackFideId "200468"]
[WhiteTeam "New Zealand"]
[BlackTeam "Belgium"]

1. d4 d5 2. c4 c6 3. Nc3 Nf6 4. Nf3 dxc4 5. a4 Bf5 6. e3 e6 7. Bxc4 Bb4 8.
Qb3 a5 9. O-O Nbd7 10. Na2 Bd6 11. Qxb7 Rb8 12. Qa6 O-O 13. Bd3 Ne4 14. Qc4
c5 15. Qc2 Ndf6 16. Nc3 Nxc3 17. bxc3 Bxd3 18. Qxd3 cxd4 19. cxd4 Nd5 20.
e4 Nb4 21. Qe2 Qd7 22. Bg5 Rfc8 23. e5 Bf8 24. Rfd1 h6 25. Be3 Nc2 26. Ra2
Nb4 27. Raa1 Nd5 28. Bd2 Bb4 29. Qd3 Bxd2 30. Qxd2 Rb4 31. g4 Rc3 32. Ne1
Rxa4 33. Ng2 Rcc4 34. Rxa4 Qxa4 35. Ne3 Nxe3 36. fxe3 Rc2 37. Qe1 Qa2 38.
Qg3 Qd5 39. Ra1 Qe4 40. h3 a4 41. g5 h5 42. g6 fxg6 0-1

[Event "Olympiad Women 2024"]
[Site "Budapest HUN"]
[Date "2024.09.18"]
[Round "7.28"]
[White "Vanduyfhuys, Daria"]
[Black "Zhang, Jasmine Haomo"]
[Result "0-1"]
[WhiteElo "2112"]
[BlackElo "1956"]
[TimeControl "40/5400+30:1800+30\""]
[EventDate "2024.09.11"]
[Board "2"]
[WhiteFideId "246336"]
[BlackFideId "4304632"]
[WhiteTeam "Belgium"]
[BlackTeam "New Zealand"]

1. d4 d5 2. c4 e6 3. Nf3 Nf6 4. Nc3 Be7 5. Bg5 h6 6. Bh4 O-O 7. e3 Nbd7 8.
Qc2 c5 9. cxd5 Nxd5 10. Bxe7 Nxe7 11. Be2 Nc6 12. Rd1 Qe7 13. O-O cxd4 14.
Nxd4 Nxd4 15. Rxd4 Nf6 16. Rfd1 b6 17. Qa4 a6 18. Qc6 Rb8 19. Qd6 Qxd6 20.
Rxd6 b5 21. Bf3 Ne8 22. Rd8 Nc7 23. Kf1 f5 24. Bc6 Kf7 25. f4 Rxd8 26. Rxd8
Rb6 27. Bf3 Rb8 28. Ne2 Ke7 29. Rg8 Ne8 30. Nd4 Kf7 31. Rh8 Bd7 32. Ke1 a5
33. Kd2 Rc8 34. Be2 b4 35. Nf3 Rd8 36. Ne5+ Ke7 37. Kc2 Ba4+ 38. b3 Rc8+
39. Kd2 Rd8+ 40. Ke1 Bd7 41. Rg8 Rb8 42. Nxd7 Kxd7 43. Bh5 g5 44. fxg5 hxg5
45. Bxe8+ Rxe8 46. Rxg5 Rh8 47. h3 Kd6 48. Rg7 Rc8 49. Kd2 Ke5 50. h4 Rh8
51. g3 Ke4 52. Ke2 Rc8 53. Rd7 e5 54. Kd2 Rg8 55. Ra7 Rxg3 56. Rxa5 Rg2+
57. Kd1 Rh2 58. Rc5 Rxa2 59. Rc2 Ra3 60. h5 Kxe3 61. h6 Ra1+ 62. Rc1 Ra2
63. Rc2 Ra1+ 64. Rc1 Ra6 65. Rc5 e4 66. Rxf5 Rxh6 67. Rb5 Kd3 68. Rd5+ Kc3
69. Re5 Rh4 70. Ke2 Kxb3 71. Ke3 Kb2 72. Rb5 b3 73. Kd2 Rh2+ 74. Ke3 Rh4
75. Kd2 Rh3 76. Rb8 Rd3+ 77. Ke2 Kc2 0-1

[Event "Olympiad Women 2024"]
[Site "Budapest HUN"]
[Date "2024.09.18"]
[Round "7.28"]
[White "Ning, Isabelle Yixuan"]
[Black "De Rycke, Tyani"]
[Result "0-1"]
[WhiteElo "1915"]
[BlackElo "2110"]
[TimeControl "40/5400+30:1800+30\""]
[EventDate "2024.09.11"]
[Board "3"]
[WhiteFideId "4307763"]
[BlackFideId "247936"]
[WhiteTeam "New Zealand"]
[BlackTeam "Belgium"]

1. d4 Nf6 2. c4 g6 3. Nc3 Bg7 4. e4 d6 5. h3 Nbd7 6. Be3 e5 7. d5 h5 8. Bd3
Bh6 9. Bxh6 Rxh6 10. Qd2 Rh8 11. Nge2 a5 12. Bc2 Nc5 13. O-O-O Qe7 14. Rhf1
Nfd7 15. f4 exf4 16. Nxf4 Ne5 17. Qd4 Bd7 18. Kb1 O-O-O 19. Nd3 Nexd3 20.
Bxd3 f5 21. Bc2 Rdf8 22. exf5 gxf5 23. Rde1 Qg5 24. Rf2 Rhg8 25. Ref1 Re8
26. Bxf5 Bxf5+ 27. Rxf5 Qxg2 28. Nb5 Qe4+ 29. Qxe4 Nxe4 30. R1f4 Rg1+ 31.
Kc2 Rg2+ 32. Kc1 Rg1+ 33. Rf1 Rxf1+ 34. Rxf1 c6 35. dxc6 bxc6 36. Nd4 Kc7
37. Rf5 Re5 38. Rxe5 dxe5 39. Ne6+ Kd6 40. Ng7 Ng3 41. Ne8+ Kd7 42. Nf6+
Ke7 43. Nh7 Ne4 44. a3 Kf7 45. b4 axb4 46. axb4 Kg7 47. b5 cxb5 48. cxb5
Kxh7 49. b6 Nd6 50. Kc2 Kg6 51. Kc3 Kf6 52. Kb4 e4 53. Kc5 Ke5 0-1

[Event "Olympiad Women 2024"]
[Site "Budapest HUN"]
[Date "2024.09.18"]
[Round "7.28"]
[White "Dierckens, Sarah"]
[Black "Chang, Yolanda"]
[Result "1/2-1/2"]
[WhiteElo "1943"]
[BlackElo "1908"]
[TimeControl "40/5400+30:1800+30\""]
[EventDate "2024.09.11"]
[Board "4"]
[WhiteFideId "205745"]
[BlackFideId "4309332"]
[WhiteTeam "Belgium"]
[BlackTeam "New Zealand"]

1. e4 c5 2. Nf3 Nc6 3. d4 cxd4 4. Nxd4 Nf6 5. Nc3 e5 6. Ndb5 d6 7. Bg5 a6
8. Na3 b5 9. Nd5 Be7 10. Bxf6 Bxf6 11. c3 O-O 12. h4 g6 13. h5 Bg5 14. Nc2
f5 15. hxg6 hxg6 16. exf5 Bxf5 17. Nce3 Be6 18. Bd3 Bxe3 19. Nxe3 Qg5 20.
Be4 Qf4 21. Qc2 Nd4 22. cxd4 Rac8 23. g3 Qf6 24. Qe2 exd4 25. Nd5 Qg5 26.
Nf4 Bc4 27. Qd2 Qe5 28. f3 d5 29. Nxg6 Qxg3+ 30. Kd1 dxe4 31. Rh8+ Kf7 32.
Rxf8+ Rxf8 33. Nxf8 Qxf3+ 34. Kc2 d3+ 35. Kc3 Qf6+ 36. Kb4 Kxf8 37. Ka3
Qe7+ 38. b4 a5 39. Qf4+ Ke8 40. Qb8+ Qd8 41. Qe5+ Qe7 42. Qb8+ Qd8 43. Qe5+
Qe7 1/2-1/2

[Event "Olympiad Women 2024"]
[Site "Budapest HUN"]
[Date "2024.09.18"]
[Round "7.29"]
[White "Corrales Jimenez, Zenia"]
[Black "Gong, Qianyun"]
[Result "1-0"]
[WhiteElo "2170"]
[BlackElo "2250"]
[TimeControl "40/5400+30:1800+30\""]
[EventDate "2024.09.11"]
[Board "1"]
[WhiteFideId "3506355"]
[BlackFideId "8602425"]
[WhiteTeam "Mexico"]
[BlackTeam "Singapore"]

1. e4 e6 2. d4 d5 3. Nc3 Be7 4. Bd3 c5 5. exd5 exd5 6. dxc5 Nc6 7. Nf3 Bxc5
8. O-O Nf6 9. Bg5 Be6 10. Re1 O-O 11. Bh4 h6 12. a3 a6 13. Qd2 Rc8 14. h3
Be7 15. Bg3 Nd7 16. Ne2 Bf6 17. Rab1 Nc5 18. Nf4 Re8 19. Nxe6 fxe6 20. Bg6
Re7 21. Nh2 Rd7 22. b4 Na4 23. Rxe6 Nd4 24. Re8+ Qxe8 25. Bxe8 Rxe8 26. Nf3
Nxf3+ 27. gxf3 Rf8 28. Qd3 Bc3 29. Kh1 b5 30. Rg1 Bf6 31. Bf4 Kh8 32. Qg6
Bg5 33. Bxg5 hxg5 34. Rxg5 Rff7 35. Rh5+ Kg8 36. Qh7+ Kf8 37. Re5 Rfe7 38.
Qh8+ Kf7 39. Rf5+ Ke6 40. Qh5 Kd6 41. Rxd5+ Kc6 42. c4 bxc4 43. Ra5 Nb6 44.
Rxa6 Re6 45. Qa5 Rb7 46. Qc5+ Kd7 47. a4 Rc6 48. Qf5+ Kc7 49. b5 Rf6 50.
Qe5+ Kc8 51. a5 Nd7 52. Ra8+ Nb8 53. Qe8+ Kc7 54. b6+ 1-0

[Event "Olympiad Women 2024"]
[Site "Budapest HUN"]
[Date "2024.09.18"]
[Round "7.29"]
[White "Rice, Lauren"]
[Black "Mendez Tovar, Yessica Yissel"]
[Result "1/2-1/2"]
[WhiteElo "1824"]
[BlackElo "2004"]
[TimeControl "40/5400+30:1800+30\""]
[EventDate "2024.09.11"]
[Board "2"]
[WhiteFideId "5824591"]
[BlackFideId "5113580"]
[WhiteTeam "Singapore"]
[BlackTeam "Mexico"]

1. d4 Nf6 2. c4 c5 3. d5 g6 4. Nc3 Bg7 5. g3 O-O 6. Bg2 d6 7. e4 e6 8. Nge2
exd5 9. cxd5 Re8 10. O-O b5 11. e5 Rxe5 12. Bf4 Re8 13. Nxb5 Ba6 14. Nec3
Bf8 15. Qa4 Qb6 16. Rfe1 Nbd7 17. Nc7 Qxc7 18. Qxa6 Rab8 19. b3 Rb6 20. Qd3
Rb4 21. Rxe8 Nxe8 22. Nb5 Qb8 23. Bf1 Bg7 24. Re1 Ne5 25. Bxe5 Bxe5 26. a3
c4 27. bxc4 Rb2 28. Qe3 Ng7 29. Bh3 a6 30. Nd4 Qb7 31. Rd1 h6 32. Nc6 Rb3
33. Rd3 Rb1+ 34. Kg2 Bf6 35. Qf4 Qb2 36. Bg4 Qc1 37. Qxc1 Rxc1 38. Na5 Bd8
39. Nb7 f5 40. Nxd8 fxg4 41. Nb7 Nf5 42. c5 Rb1 43. c6 Rc1 44. h3 h5 45.
hxg4 hxg4 46. Na5 Kf7 47. Nb3 Rc4 48. Nd2 Rc2 49. Ne4 Ke7 50. Rc3 Rxc3 51.
Nxc3 Kf6 52. a4 Ke5 53. a5 Ne7 54. c7 Kd4 55. Na4 Kxd5 56. Nb6+ Kc5 57.
c8=Q+ Nxc8 58. Nxc8 d5 59. Kf1 Kb4 60. Ke2 Kxa5 61. Kd3 Kb4 62. Kd4 a5 63.
Nb6 Kb3 64. Kxd5 Kc3 65. Ke4 Kd2 66. f3 gxf3 67. Kxf3 Kd3 68. Kf4 Kd4 69.
Kg5 Ke4 70. g4 Kf3 71. Na4 Kg3 72. Nb2 Kf3 73. Na4 Kg3 74. Nb2 Kf3 1/2-1/2